000 00336cam a22001337a 4500
008 180718b1931 xxu||||| |||| 00| 0 eng d
082 _aY15x54 D954
100 _aDutt, D.
245 _aLandlordism in India
_cby D. Dutt
260 _aBombay
_bTaraporewala
_c1931
300 _a138p.
500 _aRs.8.00
650 _aLand Tenure - India
999 _c364496
_d364496